00473nam a2200193 a 4500001001300000003000900013005001700022008003800039020000900077082001700086100002800103245003200131260001300163300000800176500003500184505001000219650002200229700002800251nice12345678IN_TiNIC20260116012635.0050524s1989 a grp 000 0 urd  ac1000a297.63bNAD1 aNadwi, S Abul Hasan Ali aInsaniyat Ke Mohsin-E-Aazam abc1989 a32p aincludes index and biblioraphy2 aIndex aMuhammad, Prophet1 aNadwi, S Abul Hasan Ali